Miestne dane v otázkach a odpovediach

Alikácia vybraných ustanovení procesného zákona, ktorých aplikácia v praxi spôsobuje obciam problémy.

Enregistré dans:
Détails bibliographiques
Auteur principal: Skalová, Katarína
Format: Chapitre de livre
Sujets:
Tags: Ajouter un tag
Pas de tags, Soyez le premier à ajouter un tag!

MARC

LEADER 00000naa a2200000 4500
001 0200756
005 20231204112419.7
044 |a SK 
245 1 0 |a Miestne dane v otázkach a odpovediach  |c Katarína Skalová 
520 |a Alikácia vybraných ustanovení procesného zákona, ktorých aplikácia v praxi spôsobuje obciam problémy. 
610 2 0 |a dane miestne 
610 2 0 |a obce 
610 2 0 |a poriadok daňový 
100 1 |a Skalová, Katarína